[Event "Dos Hermanas op"]
[Site "Dos Hermanas"]
[Date "1998.??.??"]
[Round "7"]
[White "Ubilava, Elizbar"]
[Black "Insua Mellado, Jose Luis"]
[Result "1-0"]
[WhiteElo "2540"]
[BlackElo "2160"]

1.Nf3 d5 2.g3 Nf6 3.Bg2 e6 4.O-O c5 5.c4 dxc4 6.Na3 Be7 7.Nxc4 O-O 8.d3 Nc6
9.Bd2 Nd5 10.Qb3 b6 11.Rfd1 Bb7 12.a3 Rc8 13.e4 Nf6 14.Bc3 Rc7 15.a4 Rd7
16.Nfe5 Nxe5 17.Nxe5 Rc7 18.a5 Nd7 19.axb6 axb6 20.Nc4 Rc8 21.d4 Qc7 22.d5 exd5
23.exd5 Bd6 24.Ra7 Rb8 25.Re1 Rfd8 26.f4 Kf8 27.Be5 Nf6 28.Qd3 Kg8 29.Nxd6 Rxd6
30.Qe2 Kf8 31.Bxd6+ Qxd6 32.Qe5 Qd8 33.d6 Bxg2 34.Kxg2  1-0

[Event "Dresden zt"]
[Site "Dresden"]
[Date "1998.??.??"]
[Round "1"]
[White "Dizdarevic, Emir"]
[Black "Soln, Primoz"]
[Result "1-0"]
[WhiteElo "2540"]
[BlackElo "2350"]

1.Nf3 d5 2.g3 c6 3.Bg2 Bg4 4.c4 e6 5.cxd5 exd5 6.O-O Nd7 7.d3 Bd6 8.e4 Ne7
9.h3 Bh5 10.Nc3 dxe4 11.dxe4 Ne5 12.g4 Nxf3+ 13.Qxf3 Bg6 14.Bf4 Bxf4 15.Qxf4 O-O
16.Rfd1 Qb8 17.Qxb8 Raxb8 18.Rd7 Nc8 19.Na4 Nb6 20.Nxb6 axb6 21.Rad1 f6 22.a3 Be8
23.R7d6 Rf7 24.f4 Re7 25.h4 h6 26.Kf2 Ra8 27.Bf3 Ra4 28.Rd8 Rc4 29.Ke3 Rc2
30.R1d2 Rxd2 31.Rxd2 g5 32.hxg5 hxg5 33.f5 Kf7 34.Rh2 Kg7 35.Bd1 Bf7 36.Rd2 Bd5
37.Bc2 Kf8 38.a4 Ke8 39.Rh2 Bc4 40.Kd4 Ba6 41.Rh8+ Kf7 42.Rh7+ Kf8 43.Rh6 c5+
44.Kc3 Kg7 45.Rg6+ Kf7 46.Bb3+ c4 47.Bc2 Re5 48.b4 b5 49.a5 Re8 50.Rh6 Ke7
51.Rh7+ Kd6 52.Kd4  1-0

[Event "Dresden zt (Women)"]
[Site "Dresden"]
[Date "1998.??.??"]
[Round "7"]
[White "Lematschko, Tatjana"]
[Black "Pitam, Ela"]
[Result "1-0"]
[WhiteElo "2275"]
[BlackElo "2320"]

1.Nf3 d5 2.g3 c6 3.Bg2 Bg4 4.b3 Nd7 5.Bb2 Ngf6 6.d3 e6 7.O-O Bd6 8.c4 O-O
9.Qc2 Qc7 10.Nbd2 a5 11.Rfc1 a4 12.Bxf6 Nxf6 13.c5 Be7 14.b4 Nd7 15.a3 f5
16.e3 e5 17.h3 Bh5 18.Nh2 f4 19.e4 fxg3 20.fxg3 Nf6 21.Rf1 Bg6 22.Rae1 b5
23.Rxf6 Bxf6 24.exd5 e4 25.d6 Qd7 26.Nxe4 Bd4+ 27.Kh1 Bxe4 28.Rxe4 Rf2 29.Qd1 Bc3
30.Re7 Qf5 31.Qg4 Rf8 32.Qxf5 R2xf5 33.Bxc6 Re5 34.Nf3 Ref5 35.Kg2 h6 36.d7 Bf6
37.Re8 Bd8 38.Be4 Rf6 39.c6 Bb6 40.h4 g6 41.Bd5+ Kg7 42.Re7+ Kh8 43.Ne5 Bc7
44.Nf7+  1-0

[Event "IRL-ch"]
[Site "Dublin"]
[Date "1998.??.??"]
[Round "1"]
[White "Kennedy, John"]
[Black "Heidenfeld, Mark"]
[Result "0-1"]
[WhiteElo "2080"]
[BlackElo "2335"]

1.Nf3 d5 2.g3 c5 3.Bg2 Nc6 4.d3 g6 5.O-O Nf6 6.Nbd2 Bg7 7.e4 O-O 8.a3 e5
9.Qe1 Re8 10.h3 b6 11.Qe2 Bb7 12.c3 a5 13.Rd1 a4 14.Rb1 Ra7 15.b3 axb3 16.Nxb3 Ba6
17.Qc2 Rd7 18.Bg5 dxe4 19.Bxf6 exd3 20.Qd2 Bxf6 21.h4 e4 22.Ng5 Rde7 23.Re1 Bxg5
24.hxg5 c4 25.Nc1 Re5 26.Na2 Bb7 27.Qe3 b5 28.a4 Qa5 29.axb5 Rxb5 30.Rxb5 Qxb5
31.Qd2 Na5 32.Nb4 Qe5 33.Na2 Nb3 34.Qe3 Ra8 35.f4 Qc5 36.Qxc5 Nxc5 37.Nb4 e3  0-1

[Event "Centrocoop June op-A"]
[Site "Eforie Nord "]
[Date "1998.??.??"]
[Round "?"]
[White "Minescu, O."]
[Black "Sandu, Cristian"]
[Result "1-0"]
[WhiteElo "2180"]
[BlackElo "2035"]

1.g3 d5 2.Nf3 Nf6 3.Bg2 c6 4.b3 g6 5.Bb2 Bg7 6.O-O O-O 7.d3 Nbd7 8.Nbd2 Qc7
9.e4 dxe4 10.dxe4 Re8 11.e5 Ng4 12.e6 Bxb2 13.exf7+ Kxf7 14.Ng5+ Kg8 15.Qxg4 Nf6
16.Qc4+ e6 17.Rae1 Qe7 18.c3 Nd5 19.Nge4 a5 20.Nb1 b6 21.Qe2 Ba3 22.Nxa3 Qxa3
23.c4 Ba6 24.Qg4 Kg7 25.Ng5 e5 26.Ne6+ Kh8 27.cxd5 Bxf1 28.Kxf1 Qd6 29.Qg5 Re7
30.Qxe5+ Qxe5 31.Rxe5 Rae8 32.dxc6 Kg8 33.Bd5 Kh8 34.f4 h6 35.a4 Kh7 36.Ke2 Rc8
37.Nf8+ Kg7 38.Rxe7+ Kxf8 39.Rf7+ Ke8 40.Rh7 Kd8  1-0

[Event "Centrocoop June op-A"]
[Site "Eforie Nord "]
[Date "1998.??.??"]
[Round "?"]
[White "Puskas, Janos"]
[Black "Radomsky, Viacheslav G"]
[Result "0-1"]
[WhiteElo "2100"]
[BlackElo "2205"]

1.Nf3 d5 2.g3 c5 3.Bg2 Nc6 4.d4 e6 5.O-O Nf6 6.c4 Be7 7.cxd5 exd5 8.Nc3 O-O
9.Be3 c4 10.Ne5 Be6 11.Nxc6 bxc6 12.Qa4 Qd7 13.Rfd1 Rfb8 14.Bc1 Bf5 15.f3 Rb4
16.Qa5 Rab8 17.e4 Bd8 18.Qa3 Bh3 19.Bh1 dxe4 20.fxe4 Bg4 21.Re1 Bb6 22.Bg2 Bxd4+
23.Kh1 Bh3 24.Bf3 Ng4 25.Ne2 Nf2+ 26.Kg1 Nd3+ 27.Nxd4 Nxe1 28.Be3 Nxf3+ 29.Nxf3 Rxb2
30.Nd4 Qe8  0-1

[Event "Centrocoop June op-A"]
[Site "Eforie Nord "]
[Date "1998.??.??"]
[Round "?"]
[White "Puskas, Janos"]
[Black "Danilov, Vladimir"]
[Result "1/2-1/2"]
[WhiteElo "2100"]
[BlackElo "2320"]

1.Nf3 d5 2.g3 Nf6 3.Bg2 e6 4.d4 Be7 5.c4 O-O 6.O-O Nbd7 7.Nbd2 c6 8.Qc2 b6
9.b3 Bb7 10.Rd1 Rc8 11.Ne5 c5 12.Bb2 cxd4 13.Bxd4 Nxe5 14.Bxe5 Nd7 15.Bc3 Qc7
16.Qb2 Bf6 17.Bxf6 Nxf6 18.Rac1 Qe7 19.cxd5 Bxd5 20.e4 Bb7 21.e5 Rxc1 22.Qxc1 Bxg2
23.Kxg2 Qb7+ 24.f3 Nd5 25.Ne4 Qa6 26.Qd2 Rc8 27.Nc3 Rd8 28.a4 h6 29.Kf2 Qc8
30.Ne4 Qc7 31.f4 Rc8 32.Qd3 a6 33.Rd2 b5 34.axb5 Qb6+ 35.Kg2 axb5 36.Kh3 b4
37.Rc2 Rxc2 38.Qxc2 Qe3 39.Kg2 Nc3 40.Nd6 g6 41.Qf2 Qe2 42.Qxe2 Nxe2 43.Ne4 g5
44.Kf2 Nd4 45.Nd2 gxf4 46.gxf4 Kg7 47.Ke3 Nc6 48.Nf3 Kg6 49.Ke4 Na5 50.Nd4 Nb7
51.Kd3 Na5 52.Ke4 Nb7 53.Kf3 Nc5 54.Kg4 f6 55.exf6 Kxf6  1/2-1/2

[Event "Centrocoop June op-A"]
[Site "Eforie Nord "]
[Date "1998.??.??"]
[Round "?"]
[White "Bogdan, Dan"]
[Black "Radomsky, Viacheslav G"]
[Result "1-0"]
[WhiteElo "2410"]
[BlackElo "2205"]

1.Nf3 d5 2.g3 c5 3.c4 e6 4.Bg2 Nc6 5.O-O g6 6.cxd5 exd5 7.d4 c4 8.Ne5 Bg7
9.Nxc6 bxc6 10.Nc3 Ne7 11.e4 O-O 12.exd5 cxd5 13.Bg5 f6 14.Bf4 g5 15.Be3 Be6
16.Re1 Bf7 17.b3 Rc8 18.Bh3 Rc6 19.Na4 h6 20.Nc5 f5 21.Bg2 cxb3 22.axb3 Qc7
23.f4 Re8 24.Qd2 g4 25.Qa5 Nc8 26.Bf2 Rxc5 27.dxc5 Re7 28.Qxc7  1-0

[Event "Centrocoop June op-A"]
[Site "Eforie Nord "]
[Date "1998.??.??"]
[Round "?"]
[White "Botezatu, Gheorghe"]
[Black "Vioreanu, Bogdan"]
[Result "0-1"]
[WhiteElo "2160"]
[BlackElo "2030"]

1.Nf3 d5 2.g3 c6 3.Bg2 Bg4 4.O-O Nd7 5.d3 Ngf6 6.Nbd2 e5 7.h3 Bh5 8.e4 Bd6
9.Qe2 O-O 10.g4 Bg6 11.Nh4 Qc7 12.Nf5 Rad8 13.h4 Bxf5 14.exf5 g6 15.g5 Nh5
16.Nb3 Rde8 17.Qg4 f6 18.fxg6 hxg6 19.gxf6 Kh7 20.Qg5 Rxf6 21.Bh3 e4 22.Bg4 Nf4
23.d4 Ref8 24.Be3 R8f7 25.Kh1 Be7 26.Rg1 Rf5 27.Bxf4 Rxf4 28.Be6 Bxg5  0-1

[Event "Centrocoop June op-A"]
[Site "Eforie Nord "]
[Date "1998.??.??"]
[Round "?"]
[White "Puskas, Janos"]
[Black "Tokmachev, Mikhail"]
[Result "1-0"]
[WhiteElo "2100"]
[BlackElo "2230"]

1.Nf3 d5 2.g3 Bg4 3.Bg2 Nd7 4.d4 e6 5.O-O Ngf6 6.c4 c6 7.b3 Bd6 8.Bb2 O-O
9.Nbd2 Re8 10.Ne5 Bf5 11.f3 Bg6 12.Nxg6 fxg6 13.f4 Bb4 14.Nf3 Ne4 15.Qd3 Qe7
16.a3 Bd6 17.Nd2 Nxd2 18.Qxd2 Nf6 19.Rfe1 Qf7 20.e4 Bc7 21.a4 Rad8 22.cxd5 exd5
23.e5 Nd7 24.Bh3 Nf8 25.g4 c5 26.dxc5 Ne6 27.f5 gxf5 28.gxf5 Qh5 29.fxe6 Qxh3
30.Re3 Qxe6 31.Bd4 Rf8 32.b4 Rf4 33.Kh1 Rdf8 34.Rg1 g6 35.b5 Qf5 36.Bb2 d4
37.Bxd4 Rd8 38.Qa2+ Kf8 39.Bc3 Rf2 40.Qa3 Ke8 41.Qb3 Kf8 42.Qc4 Qh5 43.h3 Rf3
44.Rg3 Rd1+ 45.Kg2 Rf5 46.Ref3 Rg1+ 47.Kxg1 Rxf3 48.Rxf3+ Qxf3 49.Qf1 Qxf1+
50.Kxf1 a6 51.Ke2 Ke7 52.Kf3 Ke6 53.Ke4 axb5 54.axb5 g5 55.c6 bxc6 56.bxc6 h5
57.Bd2 g4 58.h4 Bd8 59.Bg5 Bc7  1-0

[Event "Centrocoop June op-A"]
[Site "Eforie Nord "]
[Date "1998.??.??"]
[Round "?"]
[White "Minescu, O."]
[Black "Baltac, Constantin"]
[Result "1/2-1/2"]
[WhiteElo "2180"]
[BlackElo "2110"]

1.g3 d5 2.Nf3 Nf6 3.Bg2 g6 4.d4 Bg7 5.O-O O-O 6.c4 e6 7.Nc3 c6 8.b3 Nbd7
9.Re1 Qc7 10.e4 dxe4 11.Nxe4 Nxe4 12.Rxe4 c5 13.Bf4 Qb6 14.Rb1 cxd4 15.b4 e5  1/2-1/2

[Event "Centrocoop June op-A"]
[Site "Eforie Nord "]
[Date "1998.??.??"]
[Round "?"]
[White "Telea, Stefan"]
[Black "Borisov, Venjamin"]
[Result "1-0"]
[WhiteElo "2155"]
[BlackElo "2000"]

1.Nf3 d5 2.g3 e6 3.Bg2 b6 4.c4 Bb7 5.cxd5 exd5 6.O-O Nf6 7.d4 Nbd7 8.Bf4 Be7
9.Nc3 O-O 10.Nb5 c6 11.Nd6 Bxd6 12.Bxd6 Re8 13.Rc1 Ne4 14.Bf4 Rc8 15.Bh3 f6
16.Nd2 Ba6 17.Re1 Bb5 18.a4 Ba6 19.b4 Nxd2 20.Qxd2 Qe7 21.e4 dxe4 22.d5 c5
23.Be6+ Kh8 24.Rxe4 cxb4 25.Rce1 Qd8 26.Qxb4 Ra8 27.Bd6 Bd3 28.R4e3 Bg6 29.h4 Nf8
30.Bg4 Rxe3 31.Rxe3 f5 32.Bf3 Nd7 33.h5 Be8 34.Re7 Nf6 35.h6 Rc8 36.Rxg7 Rc1+
37.Kg2 Qc8 38.Be5 Bb5 39.axb5  1-0

[Event "Centrocoop June op-A"]
[Site "Eforie Nord "]
[Date "1998.??.??"]
[Round "?"]
[White "Dumitrache, Dragos"]
[Black "Chernitsin, Ivan"]
[Result "1-0"]
[WhiteElo "2385"]
[BlackElo "2360"]

1.Nf3 d5 2.g3 Nf6 3.Bg2 c6 4.O-O Bf5 5.d3 h6 6.Nbd2 Nbd7 7.Re1 e5 8.e4 dxe4
9.dxe4 Be6 10.Nh4 Bc5 11.Nf5 O-O 12.Qf3 Re8 13.Nf1 Bf8 14.h4 Kh7 15.h5 Kh8
16.Nh2 Nh7 17.Ng4 Nhf6 18.Be3 Nxg4 19.Qxg4 Qf6 20.Qf3 Bc5 21.Bxc5 Nxc5 22.Nd6 Qxf3
23.Bxf3 Re7 24.b4 Na6 25.a3 Rd8 26.Rad1 Kg8 27.Be2 Nb8 28.Nc4 Rxd1 29.Rxd1 Bd7
30.Nd6 Be6 31.Nc4 Bd7 32.Nd6 Be6 33.Nc4 Bd7 34.Nd6 Be6 35.f4 exf4 36.gxf4 f6
37.Kf2 Kf8 38.c4 b6 39.c5 Rd7 40.Ke3 Rd8 41.Rc1 bxc5 42.Nb7 Re8 43.Nxc5 Bc8
44.Rd1 Ke7 45.Nb3 Rg8 46.Rg1 Ba6 47.Nd4 Bxe2 48.Kxe2 Kf7 49.Nf5 Na6 50.Rd1 Nb8
51.Ke3 Rh8 52.Rg1 Rg8 53.Kd4 Na6 54.Rc1 Rd8+ 55.Ke3 Nb8 56.Rg1 Rg8 57.e5 fxe5
58.fxe5 Na6 59.Nxh6+  1-0

[Event "Centrocoop June op-A"]
[Site "Eforie Nord "]
[Date "1998.??.??"]
[Round "?"]
[White "Vezdeutsan, Viorel"]
[Black "Gordin, Artiom"]
[Result "1/2-1/2"]
[WhiteElo "2240"]
[BlackElo "2080"]

1.Nf3 d5 2.g3 Nf6 3.Bg2 Bf5 4.b3 e6 5.Bb2 h6 6.d3 Be7 7.Nbd2 O-O 8.O-O Bh7
9.Re1 c5 10.e4 Nc6 11.e5 Nd7 12.Qe2 Qc7 13.Nf1 d4 14.h4 h5 15.Bc1 Bf5 16.Bf4 Qc8
17.N1h2 f6 18.exf6 Nxf6 19.Bg5 g6 20.Nd2 Qc7 21.Nc4 Nd5 22.Bxe7 Ndxe7 23.Ne5 Rac8
24.Nhf3 Nd5 25.Nxc6 Qxc6 26.Ne5 Qc7 27.a4 Rce8 28.Nc4 Bg4 29.Qe5 Qf7 30.f4 Rd8
31.Rf1 Qf5 32.Be4 Qf6 33.Qxf6 Rxf6 34.Rae1 Bf5 35.Bf3 Rf7 36.Re2 b6 37.Rfe1 Nc3
38.Rf2 Kh7 39.Ne5 Rg7 40.Bg2 Rf8 41.Nf3 Re7 42.Rff1 Rfe8 43.Re5 a5 44.Rfe1 Kg7
45.Ng5 Kf6 46.Nf3 Nd5 47.Nd2 Nb4 48.Rc1 Na2 49.Rb1 Nb4 50.Rb2 Rd8 51.Nc4 Rb8
52.Na3 Ra8 53.Rb1 Rh8 54.Rbe1 Rhe8 55.R1e2 Bg4 56.Rf2 Bf5 57.Nc4 Rb8 58.Kf1 Rc7
59.Ke1 Bxd3 60.cxd3 Nxd3+ 61.Ke2 Nxf2 62.Kxf2 b5 63.axb5 Rxb5 64.Nd2 a4 65.Bf1 Rb4
66.Bc4 axb3 67.Rxe6+ Kg7 68.Bxb3 c4 69.Bxc4 Rbxc4 70.Nxc4 Rxc4 71.Re5 Rc3
72.Rg5 Rc2+ 73.Kf3  1/2-1/2

[Event "Centrocoop June op-A"]
[Site "Eforie Nord "]
[Date "1998.??.??"]
[Round "?"]
[White "Vezdeutsan, Viorel"]
[Black "Vioreanu, Bogdan"]
[Result "1-0"]
[WhiteElo "2240"]
[BlackElo "2030"]

1.Nf3 d5 2.g3 c6 3.Bg2 Bg4 4.c4 e6 5.cxd5 exd5 6.O-O Nd7 7.d3 Ngf6 8.h3 Bh5
9.Nc3 Be7 10.Qc2 O-O 11.Nd4 Bc5 12.Nf5 Bg6 13.e4 Re8 14.a3 a5 15.Nh4 dxe4
16.dxe4 Ne5 17.Nxg6 hxg6 18.Rd1 Qe7 19.Bg5 Rad8 20.Kh1 Rxd1+ 21.Rxd1 Ba7
22.Bc1 Rd8 23.f4 Nc4 24.e5 Ne8 25.Re1 Nc7 26.Ne4 Nb6 27.Bd2 Nb5 28.Bxa5 Nd4
29.Qc5 Qc7 30.Nd2 Nf5 31.g4 Nd4 32.Nc4 Nb3 33.Bxb6  1-0

[Event "Centrocoop June op-B"]
[Site "Eforie Nord"]
[Date "1998.??.??"]
[Round "?"]
[White "Petrov, Alexander"]
[Black "Pasc, Cristina"]
[Result "1-0"]
[WhiteElo "1650"]
[BlackElo "2030"]

1.Nf3 d5 2.g3 c6 3.Bg2 Nf6 4.O-O Bg4 5.d3 Bxf3 6.Bxf3 Nbd7 7.Nd2 e6 8.e4 Be7
9.Qe2 Qc7 10.Re1 dxe4 11.dxe4 Ne5 12.Bg2 O-O 13.Nf1 Bc5 14.Bf4 Nfd7 15.Rad1 Qb6
16.c3 a5 17.Ne3 Rad8 18.Rd2 Ng6 19.Bd6 Bxd6 20.Nc4 Qc7 21.Nxd6 Nc5 22.e5 b5
23.Qe3 Nd7 24.f4 Ne7 25.c4 bxc4 26.Nxc4 Nf5 27.Qf2 c5 28.Rc1 Nd4 29.Nd6 Qb6
30.g4 Rb8 31.Ne4 Rfc8 32.Nxc5 Rxc5 33.Rxc5 Ne2+ 34.Rxe2 Qxc5 35.Rc2 Qxf2+
36.Kxf2 g6 37.Bc6 Rc8 38.Ba4 Rxc2+ 39.Bxc2 Nb6 40.Bb3 Kf8 41.Ke2 Ke7 42.Kd3 Kd7
43.Kd4 Kc6 44.f5 exf5 45.gxf5 gxf5 46.Bxf7 Kd7 47.Bb3 Ke7 48.Ke3 a4 49.Bg8 h6
50.Kf4 Kf8 51.Be6 Ke7 52.Kxf5  1-0

[Event "Centrocoop Sept op-A"]
[Site "Eforie Nord"]
[Date "1998.??.??"]
[Round "?"]
[White "Grigore, Mitica"]
[Black "Craciun, Gh"]
[Result "0-1"]
[WhiteElo "2065"]
[BlackElo "2145"]

1.Nf3 d5 2.g3 c5 3.d4 cxd4 4.Nxd4 e5 5.Nf3 Nc6 6.Bg2 Nf6 7.O-O Bc5 8.Bg5 Be6
9.c3 h6 10.Bd2 e4 11.Nd4 Bd7 12.Nxc6 Bxc6 13.b4 Bb6 14.a4 a6 15.Bf4 Qe7 16.Qb3 g5
17.Bc1 d4 18.c4 Bc7 19.Bb2 Be5 20.b5 axb5 21.axb5 Rxa1 22.Bxa1 Bd7 23.Bb2 Be6
24.e3 Qc7 25.exd4 Bxc4 26.Rc1 Bxb3 27.Rxc7 Bxc7 28.d5  0-1

[Event "Centrocoop Sept op-A"]
[Site "Eforie Nord"]
[Date "1998.??.??"]
[Round "?"]
[White "Bogdan, Dan"]
[Black "Vasile, Constantin"]
[Result "1-0"]
[WhiteElo "2400"]
[BlackElo "2185"]

1.Nf3 d5 2.g3 Bg4 3.Bg2 c6 4.d3 Nf6 5.b3 Nbd7 6.Bb2 e6 7.Nbd2 Bd6 8.O-O O-O
9.Qe1 e5 10.h3 Bxf3 11.Bxf3 Re8 12.e4 d4 13.Bg2 Nh5 14.Qe2 g6 15.c3 c5 16.Nc4 Bc7
17.cxd4 cxd4 18.a4 a6 19.a5 Nb8 20.Bc1 Nc6 21.Bd2 Qe7 22.Kh2 Ng7 23.Rab1 Qd8
24.b4 Na7 25.f4 f6 26.fxe5 fxe5 27.h4 Nb5 28.Rbc1 Rf8 29.Bg5 Qe8 30.Qa2 Kh8
31.Rxf8+ Qxf8 32.Qb3 Qg8 33.Rf1 Rf8 34.Bf6 Qe6 35.Bh3 Qxf6 36.Rxf6 Rxf6  1-0

[Event "Centrocoop Sept op-A"]
[Site "Eforie Nord"]
[Date "1998.??.??"]
[Round "?"]
[White "Puskas, Janos"]
[Black "Craciun, D."]
[Result "1-0"]
[WhiteElo "2100"]
[BlackElo "2145"]

1.Nf3 d5 2.g3 c5 3.Bg2 Nc6 4.d4 cxd4 5.Nxd4 e5 6.Nxc6 bxc6 7.c4 Be6 8.O-O Qd7
9.Qa4 Rd8 10.Nc3 Bc5 11.Rd1 Ne7 12.Ne4 Bd4 13.cxd5 cxd5 14.Nd6+ Kf8 15.Qxd7 Rxd7
16.Nb5 Bb6 17.Bd2 f6 18.Bb4 Kf7 19.a4 Rb8 20.Ba3 a6 21.Nc3 Bd4 22.Rac1 Rb3
23.e3 Bxc3 24.Rxc3 Rxc3 25.bxc3 Rc7 26.Bb4 e4 27.a5 Nc6 28.Bf1 Nxb4 29.cxb4 Rc6
30.Ra1 Bc8 31.b5 axb5 32.Bxb5 Rc7 33.a6 Ra7 34.Rc1 Bd7 35.Bxd7 Rxd7 36.Rb1 Rd6
37.Ra1 Rd8 38.a7 Ra8 39.Kf1 Ke6 40.Ke2 Kd6 41.Kd2 g6 42.Kc3 Kc5 43.h4 h5
44.Ra5+ Kb6 45.Rxd5 Rxa7 46.Rd6+ Kc5 47.Rxf6 Rg7 48.Ra6 Kd5 49.Ra5+ Ke6 50.Kd4 Rf7
51.Re5+ Kd6 52.Rg5 Ke7 53.Kxe4  1-0

[Event "Centrocoop Sept op-A"]
[Site "Eforie Nord"]
[Date "1998.??.??"]
[Round "?"]
[White "Racasan, Sebastian"]
[Black "Ionescu Brandis, Irina"]
[Result "0-1"]
[WhiteElo "2240"]
[BlackElo "2345"]

1.Nf3 d5 2.g3 c6 3.Bg2 Bg4 4.c4 Nf6 5.O-O Nbd7 6.cxd5 cxd5 7.Qa4 Bxf3 8.Bxf3 e6
9.Nc3 Be7 10.Qb5 O-O 11.d3 a6 12.Qb3 Rc8 13.a4 Nc5 14.Qa2 Qb6 15.Be3 Qb4
16.Bd2 Qb3 17.Qb1 d4 18.Nb5 e5 19.Na3 Nxa4 20.Nc4 b5 21.Nxe5 Rc2 22.Bc1 Rfc8
23.e3 dxe3 24.fxe3 Bd6 25.d4 Bxe5 26.dxe5 Nd5 27.Be4 Nxe3 28.Bxc2 Rxc2 29.Ra3 Qd5
30.Qxc2 Nxc2 31.Raf3 Nd4 32.Rd3 Ne2+  0-1

[Event "Centrocoop Sept op-A"]
[Site "Eforie Nord"]
[Date "1998.??.??"]
[Round "?"]
[White "Rusan, P."]
[Black "Vioreanu, Bogdan"]
[Result "0-1"]
[WhiteElo "2175"]
[BlackElo "2025"]

1.Nf3 d5 2.g3 c6 3.Bg2 Bg4 4.O-O Nd7 5.b3 Ngf6 6.Bb2 e6 7.d3 Be7 8.Nbd2 O-O
9.h3 Bh5 10.e4 dxe4 11.dxe4 Bb4 12.e5 Nd5 13.a3 Bc3 14.Bxc3 Nxc3 15.Qe1 Nb6
16.Ne4 Nxe4 17.Qxe4 Qc7 18.Nh4 Rad8 19.g4 Bg6 20.Nxg6 hxg6 21.Rfd1 Rd5 22.f4 Rfd8
23.Qe2 Rd4 24.c3 Rxf4 25.Qe3 g5 26.c4 Rxd1+ 27.Rxd1 Nd7 28.Rd6 f6 29.Qxa7 Nxe5
30.Qa8+ Kf7 31.c5 b6 32.Bxc6 Nxc6 33.Qxc6 Qxc6 34.Rxc6 bxc5 35.Rxc5 e5 36.b4 Ke6
37.Rc3 Kd5 38.b5 Ra4 39.Rb3 Ra8 40.Kf2 Kc4 41.Rb4+ Kc5 42.b6 Rb8 43.b7 Kc6
44.Rc4+ Kxb7 45.Ke3 Rh8 46.Ke4 Rxh3 47.a4 Rg3 48.Kf5 Rf3+ 49.Kg6 Rf4 50.Rc3 Rxg4
51.Kxg7 Rf4 52.Kf7 Kb6 53.Rc8 g4 54.Ke6 e4 55.Kd5 f5 56.Rb8+ Ka7 57.Rb1 g3
58.Rg1 Rf3 59.Ke5 e3 60.Rg2 f4  0-1

[Event "Centrocoop June op-B"]
[Site "Eforie Nord"]
[Date "1998.??.??"]
[Round "?"]
[White "Zhadko, Vladimir"]
[Black "Bratu, G."]
[Result "1-0"]
[WhiteElo "2150"]
[BlackElo "1710"]

1.Nf3 d5 2.g3 Bg4 3.Bg2 c6 4.d3 Nd7 5.h3 Bxf3 6.Bxf3 e6 7.Nd2 Ngf6 8.e3 Be7
9.Qe2 O-O 10.h4 Ne8 11.e4 f5 12.exd5 exd5 13.Nb3 Bf6 14.Kf1 Nc7 15.d4 Qe7
16.Qxe7 Bxe7 17.Na5 Ne6 18.Be3 Rab8 19.c4 Nf6 20.c5 Bd8 21.Nb3 Bc7 22.Re1 Ne4
23.Bd2 Rbe8 24.Kg2 g6 25.Re2 Rf7 26.Rhe1 Rfe7 27.Kg1 Kg7 28.Bg2 Kf7 29.Bh6 Nf8
30.a3 Nd7 31.Nc1 Ndf6  1-0

[Event "Centrocoop June op-B"]
[Site "Eforie Nord"]
[Date "1998.??.??"]
[Round "?"]
[White "Petrov, Alexander"]
[Black "Herscovici, M."]
[Result "1-0"]
[WhiteElo "1650"]
[BlackElo "1795"]

1.Nf3 d5 2.g3 Nf6 3.Bg2 c6 4.O-O e6 5.d3 Bd6 6.Nbd2 Nbd7 7.e4 O-O 8.Qe2 e5
9.Nh4 dxe4 10.dxe4 Nc5 11.Rd1 Qe7 12.Nf5 Bxf5 13.exf5 Rad8 14.Nc4 Bc7 15.Bg5 h6
16.Bd2 Nd5 17.a4 Nd7 18.Na5 Rb8 19.c4 Bxa5 20.Bxa5 N5b6 21.Bc3 f6 22.a5 Nc8
23.a6 Ndb6 24.axb7 Qxb7 25.h4 Qc7 26.c5 Nd7 27.Qa6 Ne7 28.Rd6 Nb6 29.Qxa7 Qxa7
30.Rxa7 Ned5 31.Bxd5+ Nxd5 32.Rdd7 Rfd8 33.Rxg7+ Kh8 34.Bd2  1-0

[Event "Centrocoop Sept op-A"]
[Site "Eforie Nord"]
[Date "1998.??.??"]
[Round "?"]
[White "Vajda, Albert"]
[Black "Konotop, Sergei"]
[Result "1-0"]
[WhiteElo "2350"]
[BlackElo "2190"]

1.Nf3 d5 2.g3 c6 3.Bg2 Bf5 4.O-O Nf6 5.d3 h6 6.Nbd2 e6 7.c4 Be7 8.b3 O-O
9.Bb2 a5 10.a3 Bh7 11.Qc2 Nbd7 12.Rfd1 b5 13.Rac1 Rc8 14.Bh3 bxc4 15.bxc4 Nc5
16.Bd4 Nfd7 17.Rb1 Bf6 18.Rdc1 Bxd4 19.Nxd4 Qf6 20.N4b3 Nxb3 21.Nxb3 a4 22.Na5 Nc5
23.Rb6 Qd8 24.Rxc6 Qxa5 25.Rxc8 Rxc8 26.cxd5 Qd8 27.dxe6 Rc7 28.exf7+ Kxf7
29.Qc4+ Kf8 30.Qb4 Kg8 31.Rxc5  1-0

[Event "Centrocoop Sept op-A"]
[Site "Eforie Nord"]
[Date "1998.??.??"]
[Round "?"]
[White "Vajda, Albert"]
[Black "Lazarev, Sergei G"]
[Result "1-0"]
[WhiteElo "2350"]
[BlackElo "2440"]

1.Nf3 d5 2.g3 c6 3.Bg2 Nf6 4.O-O Bg4 5.d3 Nbd7 6.Nbd2 e5 7.h3 Bh5 8.e4 dxe4
9.dxe4 Bc5 10.Qe2 O-O 11.a4 Re8 12.Nb3 Bf8 13.g4 Bg6 14.Nfd2 Kh8 15.Re1 Ng8
16.a5 Ne7 17.Nc4 Qc7 18.Rd1 Ng8 19.Be3 Be7 20.f3 Nf8 21.Qf2 c5 22.Bxc5 Bxc5
23.Qxc5 Qxc5+ 24.Nxc5 Rec8 25.b4 Ne6 26.Nd6 Rc7 27.Nxe6 fxe6 28.c4 Ne7 29.a6 bxa6
30.Rxa6 Nc6 31.b5 Nb8 32.Ra3 Nd7 33.Bf1 Kg8 34.Rda1 Kf8 35.c5 Nxc5 36.b6 Rc6
37.Rxa7 Rb8 38.Nc4 Be8 39.Ra8 Rcc8 40.Rxb8 Rxb8 41.Ra7 Bb5 42.Ra5 Bxc4 43.Bxc4 Nb7
44.Rxe5 Nd8 45.Bxe6 Rxb6 46.Bd5 Rb2 47.Rh5 h6 48.g5 hxg5 49.Rxg5 Rd2 50.Rg6 Nf7
51.Bxf7 Kxf7 52.Rg2 Rd3 53.Kf2 Kf6 54.Kg3 Ra3 55.Rb2 Ra1 56.h4 Rg1+ 57.Rg2 Rf1
58.Kf4 Ke6 59.Rg5 Rh1 60.e5 Kf7 61.h5 Rf1 62.Ke4 Re1+ 63.Kf5 Re2 64.f4 Re1
65.e6+ Kf8 66.Rg3 Rh1 67.Kg6 Ke7 68.f5 Kf8 69.Rg5 Kg8 70.f6 Re1 71.e7 gxf6
72.Kxf6+ Kh7 73.Re5 Rf1+ 74.Ke6  1-0

[Event "Centrocoop Sept op-A"]
[Site "Eforie Nord"]
[Date "1998.??.??"]
[Round "?"]
[White "Vajda, Albert"]
[Black "Tusu, D."]
[Result "1-0"]
[WhiteElo "2350"]
[BlackElo "1880"]

1.Nf3 d5 2.g3 Nf6 3.Bg2 Bg4 4.O-O e6 5.d3 Be7 6.Nbd2 O-O 7.c4 c5 8.b3 Nc6
9.Bb2 Qc7 10.cxd5 exd5 11.d4 Rad8 12.Re1 Ne4 13.a3 Bf6 14.h3 Bf5 15.Rc1 Qd7
16.g4 Bg6 17.Nf1 Rfe8 18.e3 Qe7 19.Re2 cxd4 20.exd4 Rd6 21.Ne5 Qd8 22.f3 Rxe5
23.dxe5 Qb6+ 24.Kh2 Bg5 25.fxe4 Bf4+ 26.Ng3 h5 27.exd6 h4 28.exd5 Nd8 29.Rc8 Kh7
30.Qd4  1-0

[Event "Centrocoop Sept op-B"]
[Site "Eforie Nord"]
[Date "1998.??.??"]
[Round "?"]
[White "Calotescu, Cristina"]
[Black "Caravan, Mariana"]
[Result "0-1"]
[WhiteElo "2175"]
[BlackElo "2125"]

1.Nf3 d5 2.g3 Nf6 3.Bg2 c6 4.O-O g6 5.d4 Bg7 6.b3 O-O 7.Bb2 Ne4 8.e3 Bf5
9.c4 Nd7 10.Nh4 Be6 11.Qe2 Ndf6 12.Nc3 Nxc3 13.Bxc3 Ne4 14.Bb2 Qd7 15.Rfd1 Bh3
16.f3 Bxg2 17.Nxg2 Ng5 18.e4 Ne6 19.Rac1 Rac8 20.Kh1 Rfd8 21.e5 Bh6 22.f4 Ng7
23.g4 Ne6 24.Qf3 b5 25.c5 a5 26.h4 Nc7 27.Rg1 f5 28.Ne3 e6 29.gxf5 exf5 30.h5 Kf7
31.Rg3 Rg8 32.Rcg1 Rcf8 33.R1g2 Qe6 34.Rh3 Ke7 35.hxg6 Rxg6 36.Rxg6 Qxg6
37.Rg3 Qf7 38.Rh3 Qg6 39.Ng2 Rg8  0-1

[Event "Eger Agria op"]
[Site "Eger Agria"]
[Date "1998.??.??"]
[Round "1"]
[White "Kerek, Krisztian"]
[Black "Gyenes, Istvan"]
[Result "1/2-1/2"]
[WhiteElo "2335"]
[BlackElo "2020"]

1.Nf3 d5 2.g3 Nf6 3.Bg2 g6 4.O-O Bg7 5.d3 O-O 6.Nbd2 Nbd7 7.c3 b6 8.Re1 Bb7
9.Qc2 e5 10.b4 Re8 11.e4 dxe4 12.dxe4 Qe7 13.Nc4 Qe6 14.Nfd2 Bh6 15.Bb2 Red8
16.Ne3 a5 17.a3 Bf8 18.Rad1 Bc6 19.Rc1 Bb7 20.Bf1 Ba6 21.b5 Bb7 22.c4 Nc5
23.Nd5 Ne8 24.Bg2 Bh6 25.Rcd1 Rd7 26.Nb3 Nxb3 27.Qxb3 Rad8 28.c5 bxc5 29.Qc3 c6
30.bxc6 Bxc6 31.Qxc5 Bf8 32.Qxa5 Ra8 33.Qc3 Ba4 34.Rb1 Bg7 35.Ba1 Rd6 36.Rb7 Bd7
37.Reb1 Rc6 38.Ne7+ Qxe7 39.Qxc6 Bxc6 40.Rxe7 Kf8 41.Rxe5 Bxe5 42.Bxe5 Rxa3
43.Rc1 Bd7 44.Bd4 Ra4 45.Bc5+ Kg7 46.f3 Be6 47.Bf1 Nf6 48.Rd1 g5 49.Rd4 Ra1
50.Kf2 Ra2+ 51.Be2 Nd7 52.Bd6 h6 53.Ke3 Ra1 54.Rd1 Ra2 55.Rd2 Ra1 56.Bb5 Ra7
57.f4 f5 58.e5 Nb6 59.Bc5 gxf4+ 60.gxf4 Ra5 61.Rg2+ Kf7 62.Rb2 Nd5+ 63.Kd4 Nxf4
64.Bd6 Ra2 65.Rb1 Rxh2 66.Bc6 Kg6 67.Ke3 Nd5+ 68.Kf3 Rh3+ 69.Kf2 Rh2+ 70.Kf3 Rh3+
71.Kf2 f4 72.Rb8 h5 73.Re8 Bf7 74.Rf8 Rd3 75.Bd7 Rd2+ 76.Kf3 Rd3+ 77.Kf2 Re3
78.e6 Bxe6 79.Bxe6 Rxe6 80.Bxf4 Nxf4 81.Rxf4 Rf6 82.Rxf6+ Kxf6  1/2-1/2

[Event "Eger Agria op"]
[Site "Eger Agria"]
[Date "1998.??.??"]
[Round "7"]
[White "Kerek, Krisztian"]
[Black "Kerek, Csaba"]
[Result "0-1"]
[WhiteElo "2370"]
[BlackElo "2365"]

1.Nf3 d5 2.g3 Nf6 3.Bg2 g6 4.O-O Bg7 5.d3 O-O 6.Nbd2 c6 7.e4 Nbd7 8.Re1 e5
9.b3 Re8 10.Bb2 Qc7 11.exd5 Nxd5 12.Nc4 b5 13.Ne3 Bb7 14.Rb1 Rad8 15.Nxd5 cxd5
16.Nd2 b4 17.a3 a5 18.Nf1 Nb6 19.axb4 axb4 20.Qd2 Bf8 21.c3 bxc3 22.Qxc3 Qxc3
23.Bxc3 f6 24.Nd2 Rc8 25.Rec1 Ba6 26.Bf1 Bh6 27.Bb4 Nd7 28.Be2 e4 29.Kf1 Bxd3
30.Bxd3 exd3 31.Re1 Rxe1+ 32.Kxe1 Re8+ 33.Kf1 Rb8 34.Ba5 Rb5 35.Ra1 Bxd2
36.Bxd2 Rxb3 37.Ra5 Nb6 38.Be3 d4 39.Bf4 g5 40.Bd2 Nc4 41.Ra2 Rb1+ 42.Kg2 Rd1
43.Bb4 d2 44.Kf3 d3 45.Bc3 Kf7 46.h3 Kg6 47.g4 Rc1  0-1